Top 100 Marvel and DC characters - Statistics

General Stats
  • This quiz has been taken 12,581 times
    12,567 since last reset
  • The average score is 68 of 200
Answer Stats
# Marvel % Correct
1 Batman
97%
7 Iron Man
96%
2 Superman
95%
80 Spider-Man (Ben Reilly)
94%
1 Spider-Man (Peter Parker)
94%
2 Captain America
93%
5 Hulk
92%
3 Thor
90%
7 Wonder Woman
86%
39 Black Widow
85%
9 Flash (Barry Allen)
84%
6 Flash (Wally West)
81%
4 The Joker
81%
10 Hawkeye
80%
4 Wolverine
80%
45 Flash (Jay Garrick)
79%
88 V
78%
3 Dick Grayson
76%
60 Red Hood
76%
8 Robin (Tim Drake)
76%
14 Robin (Damian Wayne)
75%
44 Thanos
74%
21 Aquaman
73%
24 Captain Marvel
72%
38 Black Panther
71%
65 Green Lantern (Alan Scott)
71%
23 Green Lantern (Guy Gardner)
71%
5 Green Lantern (Hal Jordan)
71%
53 Green Lantern (John Stewart)
71%
92 Green Lantern (Kilowog)
71%
12 Green Lantern (Kyle Rayner)
71%
51 Professor X
70%
40 Ant-Man
69%
45 Loki
69%
15 Deadpool
67%
22 Beast
63%
69 Captain Marvel
63%
30 Mister Fantastic
63%
96 Monica Rambeau
63%
11 The Thing
63%
9 Cyclops
62%
31 Scarlet Witch
62%
84 Cyborg
61%
43 Human Torch
61%
12 Magneto
61%
92 Star-Lord
59%
14 Doctor Strange
57%
11 Green Arrow
57%
20 Jean Grey
57%
26 Catwoman
56%
6 Daredevil
56%
21 Storm
55%
35 Harley Quinn
54%
47 Invisible Woman
54%
70 Quicksilver
54%
63 Wasp
54%
15 Lex Luthor
53%
53 Norman Osborn
53%
24 Bucky Barnes
52%
43 Supergirl
52%
56 Venom
51%
50 Vision
51%
10 Barbara Gordon
49%
28 Nick Fury
49%
33 | 61 Batgirl
47%
71 The Riddler
44%
8 Doctor Doom
43%
25 Silver Surfer
43%
99 War Machine
43%
41 Iceman
41%
82 Raven
41%
27 Luke Cage
40%
16 Iron Fist
39%
22 Martian Manhunter
39%
58 Poison Ivy
39%
26 She-Hulk
39%
100 Beast Boy
38%
31 Darkseid
37%
23 Rogue
37%
62 Starfire
37%
50 Death
36%
59 Mystique
36%
18 The Punisher
36%
54 Ghost Rider
35%
13 Nightcrawler
35%
67 Two-Face
35%
29 Ms. Marvel
33%
27 Sandman
33%
19 Black Canary
32%
85 Sandman
32%
42 Colossus
31%
52 Deathstroke
31%
60 Galactus
31%
32 Hawkman
31%
44 Deadshot
30%
52 Jessica Jones
30%
46 Spider-Woman
30%
76 Alfred Pennyworth
29%
34 Gambit
29%
17 Superboy
29%
89 Elektra
28%
34 Batwoman
27%
37 Moon Knight
27%
61 Archangel
26%
89 Atom
25%
64 Mary Jane Watson
25%
33 Namor
25%
68 Black Adam
24%
100 The Kingpin
24%
47 Lois Lane
23%
46 Blue Beetle (Jaime Reyes)
22%
28 Blue Beetle (Ted Kord)
22%
70 Doctor Fate
22%
68 Juggernaut
22%
19 Kitty Pryde
22%
37 Sinestro
22%
77 Rocket Raccoon
21%
57 Speedy
21%
49 Cable
20%
36 Kid Flash
20%
29 Zatanna
20%
51 Commissioner James Gordon
19%
83 Ra's Al Ghul
18%
93 Shang-Chi
18%
25 Swamp Thing
18%
17 Emma Frost
17%
16 John Constantine
17%
86 Black Cat
16%
58 Jubilee
16%
35 Nova
16%
65 Black Bolt
15%
38 Donna Troy
15%
63 Firestorm
15%
64 Plastic Man
15%
48 Psylocke
14%
36 X-23
14%
13 Booster Gold
13%
78 Havok
13%
66 Adam Warlock
12%
83 Bullseye
12%
57 Captain Britain
12%
55 Hercules
12%
40 Huntress
12%
75 Wonder Man
12%
93 Amanda Waller
10%
79 Dr. Manhattan
10%
18 Power Girl
10%
39 Animal Man
9%
62 Howard the Duck
9%
77 Lobo
9%
91 Adam Strange
8%
95 Captain Atom
8%
48 The Question
8%
75 Braniac 5
7%
94 Elongated Man
7%
80 Jimmy Olsen
7%
67 Magik
7%
42 Question
7%
79 Squirrel Girl
7%
84 Taskmaster
7%
94 Black Knight
6%
90 Deadman
6%
71 J. Jonah Jameson, Jr.
6%
20 Rorschach
6%
73 Dazzler
5%
56 Jonah Hex
5%
66 Mister Miracle
5%
54 Spectre
5%
85 Beta Ray Bill
4%
73 Big Barda
4%
88 Cannonball
4%
72 Catman
4%
87 Hulkling
4%
30 Starman
4%
74 Static
4%
74 Wiccan
4%
69 Wildcat
4%
98 Hellcat
3%
32 Jamie Madrox
3%
87 Orion
3%
99 Phantom Stranger
3%
97 Quasar
3%
95 Songbird
3%
96 Robotman
2%
90 Amadeus Cho
1%
91 Dark Wolverine
1%
82 Fantomex
1%
81 Hitman
1%
41 Jesse Custer
1%
81 Machine Man
1%
78 Midnighter
1%
76 Northstar
1%
49 Spider Jerusalem
1%
97 The Shade
1%
55 Yorick Brown
1%
59 Bigby Wolf
0%
86 Elijah Snow
0%
72 Princess Powerful
0%
98 Vril Dox
0%
No matching quizzes found
Score Distribution
Percent of People with Each Score
Percentile by Number Answered
Your Score History
You have not taken this quiz since the last reset